Statistics for Historical Timeline of Switzerland

Click here to take the quiz!

General Stats

  • This quiz has been taken 42 times
  • The average score is 7 of 10

Answer Stats

YearHintAnswer% Correct
222 BCR____ RepublicRoman Republic
100%
27 BCR____ EmpireRoman Empire
100%
1814S____ RestorationSwiss Restoration
94%
534F______Francia
83%
843Middle / East F______Middle / East Francia
83%
1798F_____France
83%
411Kingdom of the Bur________Kingdom of the Burgundians
53%
915Duchy of Swa___Duchy of Swabia
53%
1291O__ _____ ConfederacyOld Swiss Confederacy
33%
933Kingdom of Ar___Kingdom of Arles
25%

Score Distribution

Percentile by Number Answered

Percent of People with Each Score

Your Score History

You have not taken this quiz